| 000 | 01008nas a2200301 4500 | ||
|---|---|---|---|
| 001 | BR8900372 | ||
| 003 | BR-BrBNA | ||
| 005 | 20231205091437.0 | ||
| 007 | ta | ||
| 008 | 230509b bl.|||p| |||| 00| 00por d | ||
| 040 |
_aBR-BrBNA _bpor _cBiblioteca Nacional de Agricultura |
||
| 041 | _a(Pt) | ||
| 072 | _aL73; L70 | ||
| 100 | 1 | _aHagiwara, M.K. | |
| 100 | 1 | _aHolzchuh, M.P. | |
| 245 | 1 | _aInfeccao experimental de caes por Babesia canis: 1 - avaliacao de leucograma durante a evolucao da doenca | |
| 246 | 1 | _a[Dogs infectation with Babesia canis: 1 - blood analysis during the evolution of the disease] | |
| 650 | _aCAO | ||
| 650 | _aBABESIOSE | ||
| 650 | _aPARASITO DE ANIMAL | ||
| 650 | _aPROTOZOARIO | ||
| 650 | _aHEMATOLOGIA | ||
| 650 | _aLEUCOGRAMA | ||
| 650 | _aDIAGNOSTICO | ||
| 773 | 0 |
_tArquivo Brasileiro de Medicina Veterinaria e Zootecnia (Brazil) _xISSN 0102-0935 _g(Oct 1987), v. 39(5) p. 745-755 _wBR8900372 |
|
| 909 |
_a202311 _bLúcia _c55 _dLúcia Elande |
||
| 942 |
_2AGRIS _n0 _cANA |
||
| 999 |
_c125122 _d125122 |
||